000 00817cab a2200229 4500
001 WB3009-02
008 090401t1994 xxu||||| |||| 00| 0 eng d
035 _a(Sirsi) u28702
041 _aeng
245 _aNoise notice limit
260 _c1994
350 _a0
490 _aTimes
_v1 March 1994, 33(1)
520 _aIn "Walter Lilly & Co Ltd v Westminster CC" QBD 2 February 1994, it was held that a notice to control noise under s60 of the Control of Pollution Act 1974 was limited to work being undertaken or contemplated at the time such a notice was issued.
650 _aCONSTRUCTION SITE
650 _aCONTROL OF POLLUTION ACT 1974
650 _aNOISE CONTROL
690 _aBUILDING AND CONSTRUCTION-CASE LAW
690 _aENVIRONMENTAL AND LAND CONSULTANCY
942 _n0
948 _c04/03/1997
999 _c19299
_d19299